Improving time performance for asset owning clients (Record no. 106444)

MARC details
000 -LEADER
fixed length control field 00961cam a2200205 4500
001 - CONTROL NUMBER
control field L136583
008 - FIXED-LENGTH DATA ELEMENTS--GENERAL INFORMATION
fixed length control field 070208n2005 000 0 eng u
035 ## - SYSTEM CONTROL NUMBER
System control number (Sirsi) u136583
041 0# - LANGUAGE CODE
Language code of text/sound track or separate title eng
100 1# - MAIN ENTRY--PERSONAL NAME
Personal name Ying, Fei J.
245 00 - TITLE STATEMENT
Title Improving time performance for asset owning clients
Medium [electronic resource]
260 ## - PUBLICATION, DISTRIBUTION, ETC.
Place of publication, distribution, etc. London
Name of publisher, distributor, etc. RICS
Date of publication, distribution, etc. 2005
490 #0 - SERIES STATEMENT
Series statement COBRA
Volume/sequential designation 2005
520 ## - SUMMARY, ETC.
Summary, etc. Discusses the factors that affect construction time performance, such as instance adequate project scoping, planning and scheduling. Discusses specific characteristics of infrastructure asset management projects, where projects are primarily based on managing and improving assets, and where company culture is influential.
651 #4 - SUBJECT ADDED ENTRY--GEOGRAPHIC NAME
Geographic name NEW ZEALAND
690 ## - LOCAL SUBJECT ADDED ENTRY--TOPICAL TERM (OCLC, RLIN)
Topical term or geographic name as entry element PROPERTY-BUSINESS ASSETS
700 1# - ADDED ENTRY--PERSONAL NAME
Personal name Wilkinson, Suzanne
856 40 - ELECTRONIC LOCATION AND ACCESS
Uniform Resource Identifier <a href="https://www.rics.org/site/scripts/download_info.aspx?downloadID=2616">https://www.rics.org/site/scripts/download_info.aspx?downloadID=2616</a>
Public note View the item free of charge at www.rics.org...
942 ## - ADDED ENTRY ELEMENTS (KOHA)
Suppress in OPAC 0
Holdings
Withdrawn status Lost status Source of classification or shelving scheme Damaged status Not for loan Home library Current library Shelving location Date acquired Total Checkouts Full call number Barcode Date last seen Copy number Price effective from Koha item type
    Dewey Decimal Classification     Virtual Virtual Online 08/02/2007   ONLINE PUBLICATION 136583-1001 06/08/2019 1 06/08/2019 Book